|
|
|
|
| LEADER |
00000nam1a2200000 4500 |
| 001 |
270500 |
| 005 |
20231101234342.0 |
| 035 |
|
|
|a (RuTPU)RU\TPU\book\293681
|
| 090 |
|
|
|a 270500
|
| 100 |
|
|
|a 20140929d1986 k y0rusy5003 ca
|
| 101 |
0 |
|
|a rus
|
| 200 |
1 |
|
|a Первичные партийные организации Сибири в социалистическом и коммунистическом строительстве
|e межвузовский сборник научных трудов
|f Новосибирский государственный университет (НГУ) ; под ред. И. А. Молетотова
|
| 210 |
|
|
|a Новосибирск
|c Изд-во НГУ
|d 1986
|
| 215 |
|
|
|a 167 с.
|
| 320 |
|
|
|a Библиогр. в примеч. в конце ст.
|
| 606 |
1 |
|
|a Партийные организации и их работа
|x Республики
|x Края
|x Области
|2 stltpush
|3 (RuTPU)RU\TPU\subj\48345
|9 67217
|
| 610 |
1 |
|
|a КПСС
|
| 610 |
1 |
|
|a Сибирь
|
| 610 |
1 |
|
|a история
|
| 610 |
1 |
|
|a первичные организации
|
| 610 |
1 |
|
|a социалистическое строительство
|
| 610 |
1 |
|
|a 20 век
|
| 686 |
|
|
|a Ф61(2Р5)
|2 rubbk
|
| 702 |
|
1 |
|a Молетотов
|b И. А.
|4 340
|
| 712 |
0 |
2 |
|a Новосибирский государственный университет (НГУ)
|2 stltpush
|3 (RuTPU)RU\TPU\col\721
|
| 801 |
|
0 |
|a RU
|b RuMRKP
|c 19950417
|g psbo
|
| 801 |
|
1 |
|a RU
|b 63413507
|c 20140929
|
| 801 |
|
2 |
|a RU
|b 63413507
|c 20161205
|g RCR
|
| 942 |
|
|
|c BK
|